000 00428nam a2200193Ia 4500
999 _c60989
_d60989
003 0100
005 20180214090925.0
008 130303s9999 xx 000 0 und d
020 _a1859846181
040 _cARRUPELIB
050 _aDT658.22.L85W5813 2001
100 _aWitte, Ludo De
_939153
245 4 _aThe assassination of Lumumba
260 _aLondon
_bVerso
_c2001
300 _a224p.
300 _b 23 cm
650 _aLumumba, Patrice, 1925-1961
_xAssassination
_939154
650 _aCongo (Democratic Republic)
_xHistory
_xCivil war, 1960-1965
_939155
942 _2lcc
_cMONOGRAPH